[Event "4th ch-Asia"]
[Site "Doha QAT"]
[Date "2003.02.28"]
[Round "7"]
[White "Paragua, M."]
[Black "Hossain, Enam"]
[Result "1-0"]
[WhiteElo "2506"]
[BlackElo "2451"]
[PlyCount "45"]
[EventDate "2003.02.22"]
[SourceDate "2003.03.03"]

1. e4 c5 2. Nc3 d6 3. f4 Nc6 4. Nf3 g6 5. Bb5 Bg7 6. O-O Bd7 7. d3 a6 8. Bxc6
Bxc6 9. Be3 Nf6 10. h3 O-O 11. Qd2 Qb6 12. Rab1 a5 13. f5 d5 14. exd5 Nxd5 15.
Bh6 Nf6 16. Bxg7 Kxg7 17. Rbe1 Rfe8 18. Ne5 Qc7 19. Rf4 Rad8 20. Qe3 Qd6 21.
Rh4 Nh5 22. fxg6 hxg6 23. Rxh5 1-0

[Event "4th ch-Asia"]
[Site "Doha QAT"]
[Date "2003.02.28"]
[Round "7"]
[White "Iuldachev, S."]
[Black "Sundararajan, K."]
[Result "1/2-1/2"]
[WhiteElo "2487"]
[BlackElo "2416"]
[PlyCount "83"]
[EventDate "2003.02.22"]
[SourceDate "2003.03.03"]

1. e4 c6 2. c4 d5 3. exd5 cxd5 4. cxd5 Nf6 5. Nc3 Nxd5 6. Nf3 e6 7. d4 Bb4 8.
Bd2 Nc6 9. Bd3 Nf6 10. O-O O-O 11. Be3 Be7 12. a3 b6 13. Re1 Bb7 14. Bc2 Rc8
15. Qd3 g6 16. Rad1 Nd5 17. Bh6 Nxc3 18. bxc3 Re8 19. c4 Bf6 20. Ba4 Re7 21. d5
exd5 22. cxd5 Ne5 23. Nxe5 Bxe5 24. Re3 Qd6 25. Rde1 Bxd5 26. f4 Bf6 27. Bb3
Rxe3 28. Rxe3 Qc5 29. Bxd5 Bd4 30. Bxf7+ Kxf7 31. Kf1 Bxe3 32. Qd7+ Qe7 33.
Qxc8 Bc5 34. a4 Qe6 35. Qc7+ Qe7 36. Qc6 Qe6 37. Qb7+ Qe7 38. Qa6 Qd7 39. Qc4+
Qe6 40. Qc3 Qf6 41. Qf3 Qa1+ 42. Ke2 1/2-1/2

[Event "4th ch-Asia"]
[Site "Doha QAT"]
[Date "2003.02.28"]
[Round "7"]
[White "Wu Shaobin"]
[Black "Al Sayed, Mohamad"]
[Result "0-1"]
[WhiteElo "2545"]
[BlackElo "2431"]
[PlyCount "100"]
[EventDate "2003.02.22"]
[SourceDate "2003.03.03"]

1. d4 d5 2. c4 c6 3. Nf3 Nf6 4. Nc3 e6 5. Bg5 h6 6. Bh4 dxc4 7. e4 g5 8. Bg3 b5
9. Be2 Bb7 10. h4 g4 11. Ne5 h5 12. O-O Nbd7 13. Qc2 Nxe5 14. Bxe5 Bg7 15. Bg3
Qxd4 16. Rad1 Qb6 17. e5 Nd5 18. Ne4 O-O-O 19. Nd6+ Rxd6 20. exd6 f5 21. Kh2
Kd7 22. Rfe1 f4 23. Qg6 fxg3+ 24. fxg3 Bxb2 25. Bxc4 bxc4 26. Qxe6+ Kd8 27. d7
Kc7 28. Qe8 Rxe8 29. dxe8=Q Qc5 30. Qxh5 c3 31. Qe5+ Kb6 32. Rb1 Nb4 33. Qg7
Nd3 34. Re7 Ba6 35. Re2 Bb5 36. Rc2 Qa3 37. Qxg4 Qxa2 38. Qd4+ Ka6 39. Rf1 Qa4
40. Qxa4+ Bxa4 41. Rxc3 Bxc3 42. g4 Be5+ 43. g3 c5 44. g5 Be8 45. Rf8 Bh5 46.
Kh3 c4 47. g4 Nf4+ 48. Rxf4 Bxf4 49. gxh5 c3 50. g6 Bh6 0-1

[Event "4th ch-Asia"]
[Site "Doha QAT"]
[Date "2003.02.28"]
[Round "7"]
[White "Kostenko, P."]
[Black "Kadhi, H."]
[Result "0-1"]
[WhiteElo "2497"]
[BlackElo "2334"]
[PlyCount "124"]
[EventDate "2003.02.22"]
[SourceDate "2003.03.03"]

1. e4 e6 2. d4 d5 3. Nc3 Nf6 4. Bg5 Bb4 5. e5 h6 6. Bd2 Bxc3 7. bxc3 Ne4 8. Qg4
g6 9. Bc1 c5 10. Bd3 Nxc3 11. dxc5 Ne4 12. Bxe4 dxe4 13. Qxe4 Bd7 14. Nf3 Bc6
15. Qe3 Nd7 16. O-O Qc7 17. Bb2 Bxf3 18. Qxf3 Nxc5 19. Qf6 O-O 20. Rae1 Nd7 21.
Qh4 h5 22. Re3 Qxc2 23. Ba3 Rfc8 24. Bd6 Nb6 25. Rg3 Nd5 26. h3 Qe2 27. Qg5 Rc3
28. Rxc3 Nxc3 29. a3 Nd5 30. Rc1 b6 31. Qh6 Qe4 32. Qd2 Nf4 33. f3 Qd4+ 34.
Qxd4 Ne2+ 35. Kf2 Nxd4 36. g4 Nb5 37. Be7 Re8 38. Bf6 Nxa3 39. gxh5 Nb5 40.
hxg6 fxg6 41. Kg3 Ra8 42. Kg4 a5 43. Kg5 Kf7 44. Rc4 a4 45. Rh4 Ra7 46. Bd8 a3
47. Bxb6 Ra6 48. Rh7+ Kg8 49. Rb7 a2 50. Kxg6 Kf8 51. Kf6 Ra8 52. Rh7 Kg8 53.
Rg7+ Kh8 54. Bc5 a1=Q 55. Rg5 Qc1 56. Rh5+ Kg8 57. Rg5+ Qxg5+ 58. Kxg5 Kf7 59.
h4 Nc3 60. h5 Rg8+ 61. Kh4 Nd5 62. Bd4 Ne7 0-1

[Event "4th ch-Asia"]
[Site "Doha QAT"]
[Date "2003.02.28"]
[Round "7"]
[White "Kakageldyev, A."]
[Black "Sadykov, R."]
[Result "1/2-1/2"]
[WhiteElo "2469"]
[BlackElo "2412"]
[PlyCount "90"]
[EventDate "2003.02.22"]
[SourceDate "2003.03.03"]

1. d4 d5 2. c4 c6 3. Nf3 Nf6 4. Nc3 a6 5. a4 e6 6. Bg5 a5 7. e3 Na6 8. Be2 Be7
9. O-O O-O 10. Qb1 h6 11. Bh4 Nb4 12. Rd1 b6 13. Ne5 Bb7 14. Rd2 Rc8 15. cxd5
cxd5 16. Bb5 Ne4 17. Nxe4 Bxh4 18. Nc3 Rc7 19. Qf1 Bf6 20. Nd3 Be7 21. f4 Bd6
22. Ne1 f6 23. Nf3 g5 24. g3 Rg7 25. Kh1 e5 26. f5 e4 27. Ne1 h5 28. Nc2 Rh7
29. Nxb4 axb4 30. Ne2 Bb8 31. h3 Qd6 32. Qf2 h4 33. g4 Rc8 34. Nc1 Rhc7 35. Nb3
Bc6 36. Ba6 Rd8 37. Bf1 Ra7 38. a5 bxa5 39. Rxa5 Ba4 40. Rxa7 Bxa7 41. Nc1 Rc8
42. Qe1 Bb8 43. b3 Bd7 44. Na2 Qb6 45. Qf2 Qd6 1/2-1/2

[Event "4th ch-Asia"]
[Site "Doha QAT"]
[Date "2003.02.28"]
[Round "7"]
[White "Abu Sufian, S."]
[Black "Annaberdiev, M."]
[Result "1-0"]
[WhiteElo "2226"]
[BlackElo "2405"]
[PlyCount "103"]
[EventDate "2003.02.22"]
[SourceDate "2003.03.03"]

1. e4 d6 2. d4 Nf6 3. Nc3 g6 4. Be3 c6 5. Qd2 b5 6. f3 Nbd7 7. g4 Nb6 8. h4 h5
9. g5 Nfd7 10. f4 Bb7 11. Bd3 Qc7 12. Nge2 Bg7 13. Ng3 O-O-O 14. Rf1 e5 15.
Bxb5 exd4 16. Bxd4 Bxd4 17. Qxd4 cxb5 18. Nxb5 Qc5 19. Nxd6+ Kc7 20. Qxc5+ Nxc5
21. Nxf7 Nxe4 22. Nxe4 Rhe8 23. Nxd8 Rxe4+ 24. Kd2 Kxd8 25. Rae1 Nc4+ 26. Kc1
Ne3 27. Rf2 Nf5 28. Rxe4 Bxe4 29. Rh2 Kc7 30. Kd2 Kd6 31. c4 Kc5 32. Kc3 a5 33.
b3 Nd4 34. a3 Nf3 35. b4+ axb4+ 36. axb4+ Kd6 37. Ra2 Nxh4 38. Ra6+ Kc7 39. Kd4
Bb7 40. Rf6 Bc8 41. b5 Nf5+ 42. Kc5 h4 43. Rxg6 h3 44. Rg8 Nh4 45. Rh8 Ng6 46.
Rh7+ Kb8 47. Kd6 Nxf4 48. c5 Ne6 49. g6 Nd4 50. g7 Nf5+ 51. Ke5 Ne7 52. Rh8 1-0

[Event "4th ch-Asia"]
[Site "Doha QAT"]
[Date "2003.02.28"]
[Round "7"]
[White "Villamayor, B."]
[Black "Ahmed, SN."]
[Result "1-0"]
[WhiteElo "2489"]
[BlackElo "2309"]
[PlyCount "73"]
[EventDate "2003.02.22"]
[SourceDate "2003.03.03"]

1. Nf3 Nf6 2. c4 e6 3. g3 b6 4. Bg2 Bb7 5. O-O c5 6. Nc3 Be7 7. d4 cxd4 8. Qxd4
Nc6 9. Qf4 O-O 10. Rd1 a6 11. b3 d6 12. Ba3 e5 13. Qd2 Qc8 14. Nd5 Nxd5 15.
cxd5 Na7 16. Nxe5 Nb5 17. Nc4 Nxa3 18. Nxa3 b5 19. Rac1 Qd8 20. Nc2 Bf6 21. Nd4
Qb6 22. Nc6 Rfe8 23. e3 a5 24. e4 h6 25. Qf4 Qc7 26. h4 Bb2 27. Rc2 Ba3 28. Bh3
Bxc6 29. dxc6 Re7 30. Rd5 Bc5 31. Bd7 Qb6 32. Rcxc5 dxc5 33. Qd6 Kf8 34. Re5
Qd8 35. Rxc5 b4 36. Rb5 Kg8 37. c7 1-0

[Event "4th ch-Asia"]
[Site "Doha QAT"]
[Date "2003.02.28"]
[Round "7"]
[White "Janahi, Z."]
[Black "Sharavdorj, D."]
[Result "1/2-1/2"]
[WhiteElo "2245"]
[BlackElo "2438"]
[PlyCount "119"]
[EventDate "2003.02.22"]
[SourceDate "2003.03.03"]

1. e4 e6 2. d4 d5 3. Nc3 Bb4 4. e5 Ne7 5. Bd2 b6 6. Nce2 Bxd2+ 7. Qxd2 c5 8. c3
Ba6 9. Ng3 Bxf1 10. Nxf1 Nbc6 11. Nf3 Nf5 12. Ng3 Nh4 13. Nxh4 Qxh4 14. Ne2 O-O
15. O-O Rac8 16. f4 f5 17. exf6 Rxf6 18. Rf3 Ne7 19. Qe1 Qh5 20. Qf2 Nf5 21.
Ng3 Nxg3 22. Qxg3 cxd4 23. cxd4 Rc2 24. Rf2 Qf5 25. Raf1 Rc4 26. Qe3 h5 27. b3
Rc7 28. Qe5 Qxe5 29. fxe5 Rxf2 30. Rxf2 Rc1+ 31. Rf1 Rc3 32. Rf3 Rxf3 33. gxf3
Kh7 34. f4 Kg6 35. Kf2 Kf5 36. Kf3 b5 37. b4 Kg6 38. Kg3 Kh6 39. Kh4 Kg6 40.
Kg3 Kh7 41. Kh4 Kh6 42. Kh3 g5 43. fxg5+ Kxg5 44. Kg3 h4+ 45. Kf3 h3 46. Kg3
Kf5 47. Kf3 Kg5 48. Kg3 a6 49. a3 Kf5 50. Kf3 Kg5 51. Kg3 Kf5 52. Kf3 Kg5 53.
Kg3 Kf5 54. Kf3 Kg5 55. Kg3 Kf5 56. Kf3 Kg5 57. Kg3 Kf5 58. Kf3 Kg5 59. Kg3 Kf5
60. Kf3 1/2-1/2

[Event "4th ch-Asia"]
[Site "Doha QAT"]
[Date "2003.02.28"]
[Round "7"]
[White "Al Zendani, Z."]
[Black "Al Tamimi, H."]
[Result "1/2-1/2"]
[WhiteElo "2313"]
[BlackElo "2182"]
[PlyCount "154"]
[EventDate "2003.02.22"]
[SourceDate "2003.03.03"]

1. e4 c6 2. d4 d5 3. Nc3 dxe4 4. Nxe4 Bf5 5. Ng3 Bg6 6. Bc4 e6 7. N1e2 Bd6 8.
O-O Nf6 9. f4 Qd7 10. Bd3 Bxd3 11. Qxd3 Na6 12. f5 O-O-O 13. fxe6 fxe6 14. Ne4
Nxe4 15. Qxe4 h6 16. c3 Rhf8 17. Bf4 Nc7 18. Rf3 Bxf4 19. Nxf4 Rf5 20. Nxe6
Rxf3 21. Nc5 Qd5 22. Qxf3 Re8 23. Qg4+ Kb8 24. Nd7+ Ka8 25. Ne5 g5 26. h3 Ne6
27. Qf3 Qxf3 28. Nxf3 Nf4 29. Re1 Rf8 30. Ne5 a6 31. Re3 Ka7 32. Kh2 a5 33. Rf3
Re8 34. g3 Nd5 35. Rf7 Kb6 36. Rh7 Re6 37. h4 gxh4 38. gxh4 a4 39. Kh3 a3 40.
Nc4+ Ka6 41. Nxa3 Re3+ 42. Kg4 Re2 43. Rh8 Nb6 44. b3 Rxa2 45. Nc4 Rg2+ 46. Kh5
Rg3 47. Nxb6 Kxb6 48. c4 Rxb3 49. Kxh6 Rd3 50. Rd8 Kc7 51. Rf8 Rxd4 52. Rf7+
Kb6 53. h5 Rxc4 54. Kg5 Rc1 55. Rf4 Rg1+ 56. Rg4 Rh1 57. Rh4 Rg1+ 58. Rg4 Rh1
59. h6 Kc5 60. Rh4 Rg1+ 61. Kf6 Rg8 62. h7 Rh8 63. Kg7 Rd8 64. h8=Q Rxh8 65.
Rxh8 b5 66. Kf6 b4 67. Ke5 b3 68. Rc8 Kc4 69. Rxc6+ Kd3 70. Rb6 Kc2 71. Rc6+
Kd3 72. Rb6 Kc2 73. Rh6 b2 74. Rh2+ Kc3 75. Rh1 Kc2 76. Kd4 b1=Q 77. Rxb1 Kxb1
1/2-1/2

[Event "4th ch-Asia"]
[Site "Doha QAT"]
[Date "2003.02.28"]
[Round "7"]
[White "Turpanov, M."]
[Black "Altanoch, G."]
[Result "0-1"]
[WhiteElo "2351"]
[BlackElo "2284"]
[PlyCount "60"]
[EventDate "2003.02.22"]
[SourceDate "2003.03.03"]

1. d4 d5 2. c4 e6 3. Nc3 c6 4. Nf3 dxc4 5. a4 Bb4 6. Bd2 a5 7. e3 b5 8. axb5
Bxc3 9. Bxc3 cxb5 10. d5 Nf6 11. dxe6 Qxd1+ 12. Kxd1 Ne4 13. Nd4 Nxf2+ 14. Ke1
Nxh1 15. Nxb5 Ke7 16. Bxg7 Rg8 17. Bd4 Bxe6 18. Nc7 Nc6 19. Bc5+ Kf6 20. Nxa8
Rxa8 21. Be2 Rb8 22. Bf3 Rb5 23. Ba3 Nb4 24. Kd2 Nf2 25. b3 Nfd3 26. bxc4 Bxc4
27. Be4 Nc5 28. Bb2+ Ke6 29. Bxh7 Nb3+ 30. Kc3 Bd5 0-1

[Event "4th ch-Asia"]
[Site "Doha QAT"]
[Date "2003.02.28"]
[Round "7"]
[White "De Silva, N."]
[Black "Issa, R."]
[Result "1/2-1/2"]
[WhiteElo "2243"]
[BlackElo "2331"]
[PlyCount "84"]
[EventDate "2003.02.22"]
[SourceDate "2003.03.03"]

1. e4 c5 2. Nf3 Nc6 3. d4 cxd4 4. Nxd4 Nf6 5. Nc3 d6 6. Bg5 e6 7. Qd2 a6 8.
O-O-O Bd7 9. f4 b5 10. a3 Be7 11. Bxf6 gxf6 12. f5 Qb6 13. fxe6 fxe6 14. Be2
O-O-O 15. Bg4 Nxd4 16. Qxd4 Qc5 17. Kb1 Kb8 18. Qxc5 dxc5 19. Ne2 Bc8 20. Nf4
Rd6 21. Rxd6 Bxd6 22. Nxe6 Re8 23. Ng7 Rxe4 24. Bxc8 Kxc8 25. Nf5 Be5 26. h3 b4
27. Rd1 Kc7 28. axb4 Rxb4 29. b3 c4 30. Ne3 Rb8 31. Nxc4 h5 32. Nxe5 fxe5 33.
Rd5 Re8 34. Kc1 h4 35. Kd1 Kc6 36. c4 Rg8 37. Rxe5 Rxg2 38. Re4 Rg3 39. Rxh4
Rxb3 40. Kc2 Rg3 41. Rh5 a5 42. Rxa5 Rxh3 1/2-1/2

[Event "4th ch-Asia"]
[Site "Doha QAT"]
[Date "2003.02.28"]
[Round "7"]
[White "Saleh, Nab"]
[Black "Kayle, C."]
[Result "1/2-1/2"]
[WhiteElo "2324"]
[BlackElo "2063"]
[PlyCount "84"]
[EventDate "2003.02.22"]
[SourceDate "2003.03.03"]

1. d4 d5 2. Nf3 Nf6 3. c4 e6 4. Bg5 Be7 5. Nc3 h6 6. Bh4 O-O 7. e3 b6 8. Be2
Bb7 9. Bxf6 Bxf6 10. cxd5 exd5 11. b4 c6 12. O-O a5 13. bxa5 Rxa5 14. Qb3 Nd7
15. a4 Re8 16. Rfd1 g6 17. Rab1 Ba6 18. Bxa6 Rxa6 19. Ne1 Qb8 20. Nd3 Qd6 21.
Rdc1 Raa8 22. Rc2 Bg5 23. Rbc1 Re6 24. Nd1 c5 25. dxc5 bxc5 26. Nxc5 Rb8 27.
Qa2 Nxc5 28. Rxc5 d4 29. Rc8+ Rxc8 30. Rxc8+ Kg7 31. Qb2 Bf6 32. Qb8 Qxb8 33.
Rxb8 Rc6 34. Kf1 Rc1 35. Ke2 Ra1 36. Rb4 Ra2+ 37. Kf3 Ra1 38. Ke2 Ra2+ 39. Kd3
Ra3+ 40. Kc2 Ra2+ 41. Nb2 dxe3 42. fxe3 Bxb2 1/2-1/2

[Event "4th ch-Asia"]
[Site "Doha QAT"]
[Date "2003.02.28"]
[Round "7"]
[White "Al Marri, O."]
[Black "Aliev, K."]
[Result "0-1"]
[WhiteElo "2098"]
[BlackElo "2317"]
[PlyCount "205"]
[EventDate "2003.02.22"]
[SourceDate "2003.03.03"]

1. e4 e5 2. Nf3 Nf6 3. Nxe5 d6 4. Nf3 Nxe4 5. Nc3 Nxc3 6. dxc3 Nc6 7. Bf4 Be7
8. Qd2 Bg4 9. Be2 Qd7 10. O-O-O O-O-O 11. h3 Bf5 12. Nd4 Nxd4 13. Qxd4 c5 14.
Qd2 Qa4 15. Kb1 Bxc2+ 16. Qxc2 Qxf4 17. Rhe1 Kb8 18. Bf3 Rd7 19. Qb3 Rhd8 20.
Qd5 Bf6 21. Re2 Qg5 22. Qc4 Be5 23. a4 a6 24. Bd5 h5 25. Ka1 Qf4 26. Qxf4 Bxf4
27. g3 Be5 28. f4 Bf6 29. h4 Kc7 30. Kb1 Kb6 31. Kc2 Kc7 32. Rde1 b5 33. axb5
axb5 34. Ra1 Kb6 35. Kd3 c4+ 36. Kc2 Kc5 37. Rd1 g6 38. Re4 Ra7 39. Kb1 Rc7 40.
Kc2 Rdd7 41. Rd2 Re7 42. Rxe7 Rxe7 43. Bf3 Rd7 44. Rd5+ Kb6 45. Kd2 Ka6 46. Kc2
Bd8 47. Kd2 Bb6 48. Rg5 Re7 49. Bc6 Bc5 50. Bd5 Kb6 51. Kd1 Bf2 52. Kd2 Bc5 53.
Kd1 Ka5 54. f5 gxf5 55. Rxf5 Re3 56. Bxf7 Rxg3 57. Bxh5 Rh3 58. Rf4 Rh2 59. Be2
Rh1+ 60. Kd2 Rh3 61. Re4 Bf2 62. h5 Bh4 63. Re6 Bg5+ 64. Kc2 Bf4 65. Re4 Be5
66. Kd2 Kb6 67. Kc2 Kc7 68. Rg4 d5 69. Rg5 Bf4 70. Rf5 Rh4 71. Bf3 Rh2+ 72. Kb1
Be3 73. Rxd5 Kb6 74. Rd6+ Ka5 75. Bb7 b4 76. cxb4+ Kxb4 77. Bf3 Rf2 78. Bd1 Bg5
79. h6 Rh2 80. h7 Rxh7 81. Rg6 Be3 82. Rg2 Rh1 83. Kc2 Bd4 84. Rd2 Bxb2 85. Bf3
Rf1 86. Bd5 Ba3 87. Bxc4 Kxc4 88. Rh2 Bc5 89. Rg2 Bd4 90. Rh2 Ra1 91. Rd2 Bc3
92. Rd8 Ra2+ 93. Kb1 Re2 94. Rd7 Kb3 95. Rb7+ Bb4 96. Rc7 Rf2 97. Rc8 Rb2+ 98.
Ka1 Ra2+ 99. Kb1 Ra5 100. Rc7 Bc3 101. Rb7+ Kc4 102. Rc7+ Kd3 103. Rd7+ 0-1

[Event "4th ch-Asia"]
[Site "Doha QAT"]
[Date "2003.02.28"]
[Round "7"]
[White "Mohammadi, H."]
[Black "Ayyad, M."]
[Result "1-0"]
[WhiteElo "2250"]
[BlackElo "2200"]
[PlyCount "91"]
[EventDate "2003.02.22"]
[SourceDate "2003.03.03"]

1. e4 c5 2. Nf3 e6 3. Nc3 Nc6 4. Bb5 Nge7 5. O-O a6 6. Bxc6 Nxc6 7. d4 cxd4 8.
Nxd4 Be7 9. Nxc6 dxc6 10. Qg4 Bf6 11. Qg3 e5 12. Be3 O-O 13. Na4 b5 14. Nc5 Qc7
15. a4 Be7 16. Bh6 Bf6 17. Rfd1 Kh8 18. Bg5 Bxg5 19. Qxg5 f6 20. Qd2 Bg4 21. f3
Rad8 22. Qc3 Bc8 23. a5 Rxd1+ 24. Rxd1 Rd8 25. Rxd8+ Qxd8 26. Kf2 h5 27. Nb3
Be6 28. Nc5 Bc8 29. Nd3 Be6 30. Nc5 Bc8 31. Ke2 h4 32. Qd2 Qe7 33. b4 f5 34.
exf5 e4 35. fxe4 Bxf5 36. Qf4 Be6 37. Nxa6 h3 38. gxh3 Bc4+ 39. Ke1 Qd7 40. Qe3
Qd6 41. e5 Qg6 42. Kd1 Qg2 43. Kc1 Qxh2 44. e6 Bxe6 45. Qxe6 Qg1+ 46. Kb2 1-0

[Event "4th ch-Asia"]
[Site "Doha QAT"]
[Date "2003.03.01"]
[Round "8"]
[White "Sadvakasov, D."]
[Black "Al Modiahki, M."]
[Result "1-0"]
[WhiteElo "2523"]
[BlackElo "2571"]
[PlyCount "97"]
[EventDate "2003.02.22"]
[SourceDate "2003.03.03"]

1. e4 c5 2. Nf3 e6 3. d4 cxd4 4. Nxd4 Nf6 5. Nc3 Nc6 6. Ndb5 Bb4 7. a3 Bxc3+ 8.
Nxc3 d5 9. exd5 exd5 10. Bd3 O-O 11. O-O d4 12. Ne2 Bg4 13. Bg5 Qd6 14. Re1
Rfe8 15. Qd2 Bxe2 16. Bf4 Qd7 17. Bxe2 Ne4 18. Qd3 Qf5 19. g3 Qd7 20. Bf3 Nc5
21. Qc4 Ne6 22. Bd2 Rac8 23. Qd5 Qc7 24. Rac1 Rcd8 25. Qe4 Re7 26. Qh4 Rde8 27.
Bg2 h6 28. Qh5 Ng5 29. Rxe7 Qxe7 30. h4 Ne6 31. Re1 Qd7 32. Qg4 Nf8 33. Qxd7
Rxe1+ 34. Bxe1 Nxd7 35. b4 Kf8 36. f4 a6 37. Bf2 Ke7 38. Kf1 Kd6 39. Ke2 b5 40.
Kd3 a5 41. Bxc6 Kxc6 42. bxa5 Nc5+ 43. Kxd4 h5 44. Ke5 f6+ 45. Kf5 Nb7 46. a6
Nd6+ 47. Kg6 Nc4 48. a7 Kb7 49. Bc5 1-0

[Event "4th ch-Asia"]
[Site "Doha QAT"]
[Date "2003.03.01"]
[Round "8"]
[White "Neelotpal, D."]
[Black "Rahman, Zia"]
[Result "1-0"]
[WhiteElo "2406"]
[BlackElo "2542"]
[PlyCount "73"]
[EventDate "2003.02.22"]
[SourceDate "2003.03.03"]

1. e4 g6 2. d4 Bg7 3. Nc3 c6 4. Nf3 d6 5. Bc4 e6 6. O-O Ne7 7. Bf4 h6 8. h4 b5
9. Bd3 Bb7 10. Qd2 a6 11. e5 d5 12. a4 Nd7 13. Nd1 Nf5 14. g3 Qb6 15. c3 c5 16.
Ne3 Rc8 17. axb5 axb5 18. h5 Ne7 19. hxg6 Nxg6 20. Ng4 h5 21. Nf6+ Nxf6 22.
exf6 Bxf6 23. Bxg6 fxg6 24. Be5 Bxe5 25. Nxe5 Rg8 26. Qf4 Rc7 27. Rfe1 cxd4 28.
cxd4 Rf8 29. Qd2 g5 30. Rac1 Rf5 31. Rxc7 Qxc7 32. Qe2 h4 33. Qh5+ Kd8 34. Qh8+
Ke7 35. g4 Qa5 36. b4 Qxb4 37. Rc1 1-0

[Event "4th ch-Asia"]
[Site "Doha QAT"]
[Date "2003.03.01"]
[Round "8"]
[White "Bakre, T."]
[Black "Torre, E."]
[Result "1/2-1/2"]
[WhiteElo "2464"]
[BlackElo "2519"]
[PlyCount "57"]
[EventDate "2003.02.22"]
[SourceDate "2003.03.03"]

1. e4 e5 2. Nf3 Nc6 3. Bb5 a6 4. Bxc6 dxc6 5. O-O Qe7 6. d4 exd4 7. Qxd4 Bg4 8.
Nbd2 Qc5 9. Qe5+ Qxe5 10. Nxe5 Be6 11. Nd3 O-O-O 12. b3 f6 13. Bb2 Ne7 14. Rae1
Bf7 15. Re2 Ng6 16. f4 Be7 17. f5 Nf8 18. e5 Bh5 19. Nf3 Bg4 20. exf6 Bxf6 21.
Bxf6 gxf6 22. Re7 Bxf5 23. Nfe1 Bg6 24. Rxf6 Nd7 25. Rf2 Rhe8 26. Rfe2 Rf8 27.
Rf2 Rfe8 28. Rfe2 Rf8 29. Rf2 1/2-1/2

[Event "4th ch-Asia"]
[Site "Doha QAT"]
[Date "2003.03.01"]
[Round "8"]
[White "Kunte, A."]
[Black "Paragua, M."]
[Result "1/2-1/2"]
[WhiteElo "2507"]
[BlackElo "2506"]
[PlyCount "50"]
[EventDate "2003.02.22"]
[SourceDate "2003.03.03"]

1. Nf3 c5 2. b3 b6 3. Bb2 Bb7 4. c4 Nf6 5. e3 g6 6. Be2 Bg7 7. O-O O-O 8. Nc3
d5 9. Nxd5 Nxd5 10. Bxg7 Kxg7 11. cxd5 Qxd5 12. Qc2 Nc6 13. Rfd1 Rfd8 14. a3
Rac8 15. Qb2+ Kg8 16. d3 a5 17. Rac1 Qf5 18. h3 Ba6 19. Ne1 Rc7 20. Rd2 Qc8 21.
Rcd1 Qb8 22. Bf3 Na7 23. Be2 Nc6 24. Bf3 Na7 25. Be2 Nc6 1/2-1/2

[Event "4th ch-Asia"]
[Site "Doha QAT"]
[Date "2003.03.01"]
[Round "8"]
[White "Ganguly, S."]
[Black "Abu Sufian, S."]
[Result "1/2-1/2"]
[WhiteElo "2556"]
[BlackElo "2226"]
[PlyCount "85"]
[EventDate "2003.02.22"]
[SourceDate "2003.03.03"]

1. e4 c5 2. Nf3 d6 3. d4 cxd4 4. Nxd4 Nf6 5. Nc3 g6 6. Be3 Bg7 7. f3 Nc6 8. Bc4
O-O 9. Qd2 Bd7 10. O-O-O Rc8 11. Bb3 Ne5 12. Kb1 Nc4 13. Bxc4 Rxc4 14. g4 Qb8
15. h4 Rfc8 16. h5 Rxc3 17. bxc3 Qc7 18. hxg6 fxg6 19. Nb3 Be6 20. Bd4 Bf7 21.
g5 Nh5 22. Bxg7 Nxg7 23. f4 a5 24. Rh3 a4 25. Nc1 Qd7 26. Rdh1 Nh5 27. f5 Rc4
28. fxg6 hxg6 29. Rxh5 gxh5 30. g6 Qb5+ 31. Ka1 Be6 32. Qh6 Qe5 33. Qh7+ Kf8
34. Ne2 Ke8 35. g7 Kd7 36. g8=Q Bxg8 37. Qxg8 Rxe4 38. Qg2 Rxe2 39. Qxb7+ Kd8
40. Qa8+ Kc7 41. Qa7+ Kd8 42. Qa8+ Kc7 43. Qa7+ 1/2-1/2

[Event "4th ch-Asia"]
[Site "Doha QAT"]
[Date "2003.03.01"]
[Round "8"]
[White "Sundararajan, K."]
[Black "Safin, S."]
[Result "0-1"]
[WhiteElo "2416"]
[BlackElo "2529"]
[PlyCount "106"]
[EventDate "2003.02.22"]
[SourceDate "2003.03.03"]

1. d4 Nf6 2. c4 e6 3. Nc3 Bb4 4. e3 O-O 5. Bd3 d5 6. a3 Bxc3+ 7. bxc3 b6 8.
cxd5 Qxd5 9. f3 Ba6 10. Ne2 Bxd3 11. Qxd3 c5 12. O-O cxd4 13. cxd4 Rc8 14. Bb2
Nbd7 15. Rac1 Ne5 16. Qa6 Nc4 17. e4 Qa5 18. Qxa5 Nxa5 19. d5 Nc4 20. Bxf6 gxf6
21. Rc3 exd5 22. exd5 Nd6 23. Rc6 Rd8 24. Nc3 f5 25. a4 Rd7 26. Rd1 Rad8 27.
Kf2 Kg7 28. Rc1 Nb7 29. d6 Rxd6 30. Rxd6 Rxd6 31. Nb5 Rd7 32. Rc4 Nc5 33. a5
Ne6 34. axb6 axb6 35. Rc2 f4 36. g3 Rd5 37. Nc3 Rc5 38. Rc1 Kg6 39. Ne2 Rxc1
40. Nxc1 Kf5 41. Nd3 h5 42. gxf4 Nxf4 43. Nb4 Ke5 44. Kg3 Ng6 45. Nc6+ Kd5 46.
Nb4+ Kc4 47. Nc2 Kc3 48. Ne3 b5 49. f4 Kd3 50. Nd5 Kd4 51. Nc7 b4 52. f5 Ne7
53. Kh4 Nd5 0-1

[Event "4th ch-Asia"]
[Site "Doha QAT"]
[Date "2003.03.01"]
[Round "8"]
[White "Barsov, A."]
[Black "Thipsay, P."]
[Result "1-0"]
[WhiteElo "2525"]
[BlackElo "2465"]
[PlyCount "93"]
[EventDate "2003.02.22"]
[SourceDate "2003.03.03"]

1. d4 Nf6 2. c4 g6 3. Nf3 Bg7 4. g3 O-O 5. Bg2 d6 6. O-O Nbd7 7. Nc3 e5 8. h3
c6 9. e4 Re8 10. Re1 Qa5 11. Rb1 exd4 12. Nxd4 Ne5 13. Bf1 h5 14. Be3 c5 15.
Nb3 Qd8 16. f4 Nc6 17. Bf2 a6 18. Qd2 Be6 19. Rbd1 Bf8 20. Kh1 Rb8 21. Qc1 Qc8
22. Kh2 b5 23. Nd5 Nh7 24. Ne3 Nf6 25. Nd5 Nh7 26. Ne3 Nf6 27. Bg2 Bxc4 28.
Nxc4 bxc4 29. Nd2 Qc7 30. Nxc4 Rbd8 31. Kh1 Bh6 32. Qc3 Bg7 33. Qd2 Nd4 34. Qa5
Qc8 35. e5 dxe5 36. fxe5 Nd7 37. Nd6 Qb8 38. Nxe8 Rxe8 39. b4 Nxe5 40. bxc5 Nf5
41. c6 Nxc6 42. Bxc6 Rxe1+ 43. Qxe1 Qb2 44. Be4 Bc3 45. Qg1 Qb5 46. Bxf5 Qxf5
47. Qg2 1-0

[Event "4th ch-Asia"]
[Site "Doha QAT"]
[Date "2003.03.01"]
[Round "8"]
[White "Isaev, J."]
[Black "Iuldachev, S."]
[Result "0-1"]
[WhiteElo "2438"]
[BlackElo "2487"]
[PlyCount "92"]
[EventDate "2003.02.22"]
[SourceDate "2003.03.03"]

1. e4 e5 2. Nf3 Nc6 3. d4 exd4 4. Nxd4 Nf6 5. Nxc6 bxc6 6. e5 Qe7 7. Qe2 Nd5 8.
c4 Ba6 9. g3 f6 10. e6 O-O-O 11. Bh3 Kb8 12. b3 dxe6 13. Ba3 Nb4 14. O-O e5 15.
Nc3 Qf7 16. Rfd1 Be7 17. Qe4 g6 18. Bg2 Bb7 19. Na4 Qe6 20. Bxb4 Bxb4 21. c5
Bd2 22. Qc2 Bh6 23. b4 f5 24. b5 e4 25. b6 e3 26. bxa7+ Kxa7 27. fxe3 Qxe3+ 28.
Kh1 Rd2 29. Rxd2 Qxd2 30. Qxd2 Bxd2 31. Rd1 Rd8 32. h4 Rd4 33. Nb2 Bc3 34. Rxd4
Bxd4 35. Nd3 Ka6 36. Bf1 Ka5 37. Nf4 Bxc5 38. Bc4 Bd6 39. Bg8 c5+ 40. Kg1 h6
41. Kf2 Kb4 42. Nxg6 c4 43. Nf4 c3 44. Ke2 Ka3 45. Nd5 Bxd5 46. Bxd5 c2 0-1

[Event "4th ch-Asia"]
[Site "Doha QAT"]
[Date "2003.03.01"]
[Round "8"]
[White "Al Sayed, Mohamad"]
[Black "Kayumov, S."]
[Result "0-1"]
[WhiteElo "2431"]
[BlackElo "2479"]
[PlyCount "96"]
[EventDate "2003.02.22"]
[SourceDate "2003.03.03"]

1. e4 e5 2. Nf3 Nc6 3. Bc4 Bc5 4. c3 Nf6 5. d3 a6 6. O-O Ba7 7. Nbd2 d6 8. Bb3
O-O 9. h3 Nh5 10. Nxe5 Nxe5 11. Qxh5 Nxd3 12. Nf3 Qf6 13. Bg5 Qg6 14. Qxg6 hxg6
15. Rad1 Nc5 16. Bc2 Bd7 17. e5 Bb5 18. Rfe1 dxe5 19. Be7 Rfe8 20. Bxc5 Bxc5
21. Bb3 e4 22. Ng5 e3 23. fxe3 Bxe3+ 24. Rxe3 Rxe3 25. Bxf7+ Kf8 26. Bxg6 Ke7
27. Be4 Rd8 28. Rxd8 Kxd8 29. Bxb7 Re1+ 30. Kh2 c6 31. a4 Kc7 32. axb5 Kxb7 33.
bxa6+ Kxa6 34. Nf3 Rb1 35. Nd4 Kb6 36. Ne6 Rxb2 37. Nxg7 Kc5 38. h4 Kd5 39. Kg3
Ke5 40. h5 Rc2 41. Ne8 Rxc3+ 42. Kg4 Rd3 43. h6 Rd8 44. Ng7 Kf6 45. Nf5 Rd7 46.
Kf4 Kg6 47. g4 c5 48. g5 Rf7 0-1

[Event "4th ch-Asia"]
[Site "Doha QAT"]
[Date "2003.03.01"]
[Round "8"]
[White "Kadhi, H."]
[Black "Jasim, A."]
[Result "1-0"]
[WhiteElo "2334"]
[BlackElo "2278"]
[PlyCount "35"]
[EventDate "2003.02.22"]
[SourceDate "2003.03.03"]

1. e4 g6 2. Nc3 Bg7 3. d4 d6 4. Be2 Nf6 5. h4 h5 6. Nf3 O-O 7. Ng5 c6 8. a4 Qc7
9. a5 Nbd7 10. f4 e5 11. dxe5 dxe5 12. f5 gxf5 13. exf5 e4 14. O-O Nc5 15. Bf4
Qd8 16. Bd6 Ncd7 17. Bc4 b5 18. Bxf8 1-0